000 00358nam a2200145Ia 4500
008 230917s9999||||xx |||||||||||||| ||und||
040 _e43569
_aMAIN
041 _aEnglish
082 _a820.9 R739S
100 _aRoston, Murray
245 0 _aSixteenth century English literature
260 _aLondon
_bMacmillan
_c1982
300 _avi, 235 p.
942 _cBK
999 _c39921
_d39921